Score 0/12 Timer 01:30
9 Plays Today
% Correct
Tennis
95.2%
Auto Racing
95.1%
Swimming
93.5%
Soccer
90.7%
Baseball
89.3%
Football (US)
83.6%
Basketball
77.9%
Boxing
77.4%
Golf
75.7%
Hockey
65.4%
Rugby
64.8%
Cricket
54.2%

Today's Daily Dose

You're not logged in!

Compare scores with friends on all Sporcle quizzes.
OR
Log In

Sporcle TV

Today on Sporcle TV


Watch our educational content, quiz creation guides, and fun videos on Sporcle TV.

Show Comments

Extras

Top Quizzes Today


Score Distribution

Paid Content

Your Account Isn't Verified!

In order to create a playlist on Sporcle, you need to verify the email address you used during registration. Go to your Sporcle Settings to finish the process.

Report this User

Report this user for behavior that violates our Community Guidelines.

Details: